[Event "Lipetsk Winter Cup rapid"]
[Site "Lipetsk"]
[Date "2020.01.17"]
[Round "3"]
[White "Nikitin, Yuri"]
[Black "Romanov, Evgeny"]
[Result "0-1"]
[WhiteElo "2215"]
[BlackElo "2599"]
[PlyCount "70"]
[EventDate "2020.01.17"]
[EventType "swiss (rapid)"]
[EventRounds "11"]
[EventCountry "RUS"]
[SourceTitle "CBM 194 Extra"]
[Source "ChessBase"]
[SourceDate "2020.03.31"]
[SourceVersion "1"]
[SourceVersionDate "2020.03.31"]
[SourceQuality "1"]

1. e4 e5 2. Nf3 Nc6 3. d4 exd4 4. Nxd4 Bc5 5. Be3 Qf6 6. c3 Nge7 7. Bc4 0-0 8. 0-0 Qg6 9. Nd2 Bxd4 10. cxd4 d5 11. exd5 Nb4 12. Qf3 Bg4 13. Qe4 Qxe4 14. Nxe4 Nbxd5 15. h3 Bf5 16. Nc5 b6 17. Nb3 a5 18. Rac1 a4 19. Nd2 a3 20. bxa3 Rxa3 21. Bb3 Ra7 22. Nf3 f6 23. Rfe1 Rd8 24. Bf4 Kf8 25. Bg3 Bg6 26. Bh2 Rd7 27. g4 Bf7 28. g5 Nb4 29. gxf6 gxf6 30. Bxf7 Kxf7 31. Re2 Ned5 32. Re4 Ra3 33. Kg2 Rxa2 34. Rh4 Kf8 35. Bg3 Nd3 0-1

[Event "Lipetsk King's Gambit-B"]
[Site "Lipetsk"]
[Date "2010.07.01"]
[Round "9"]
[White "Vakhlamov, Igor L"]
[Black "Nikitin, Yuri"]
[Result "1/2-1/2"]
[WhiteElo "2280"]
[BlackElo "2283"]
[PlyCount "100"]
[EventDate "2010.06.23"]
[EventType "tourn"]
[EventRounds "9"]
[EventCountry "RUS"]
[EventCategory "3"]
[SourceTitle "CBM 137 Extra"]
[Source "ChessBase"]
[SourceDate "2010.09.01"]
[SourceVersion "1"]
[SourceVersionDate "2010.09.01"]
[SourceQuality "1"]

1. e4 c5 2. Nf3 d6 3. d4 cxd4 4. Nxd4 Nf6 5. Nc3 a6 6. h3 b5 7. g4 Bb7 8. Bg2 b4 9. Nd5 e6 10. Nxf6+ gxf6 11. Be3 Nd7 12. g5 Nc5 13. Qg4 Be7 14. h4 Qa5 15. 0-0 fxg5 16. hxg5 Rg8 17. a3 Bxg5 18. f4 h5 19. Qg3 h4 20. Qg4 h3 21. Bxh3 Nxe4 22. Nxe6 Nf6 23. Qxg5 Rxg5+ 24. Nxg5 Qd5 25. Kh2 Ng4+ 26. Kg3 Nxe3 27. Rae1 Qd2 28. Nf3 Bxf3 29. Kxf3 Kf8 30. Rxe3 Qxc2 31. Rf2 Qc6+ 32. Kg3 Re8 33. Rd3 bxa3 34. Rxa3 Re1 35. Bf1 Qc1 36. Bxa6 Re3+ 37. Rxe3 Qxe3+ 38. Kg2 d5 39. Bf1 d4 40. b4 Qe4+ 41. Rf3 Qc2+ 42. Kg1 Qg6+ 43. Kh2 Qe4 44. Kg2 Ke7 45. b5 Kd6 46. Bd3 Qe1 47. f5 f6 48. Bf1 Qd2+ 49. Kg3 Qg5+ 50. Kf2 Qd2+ 1/2-1/2

[Event "Lipetsk King's Gambit-B"]
[Site "Lipetsk"]
[Date "2010.06.29"]
[Round "7"]
[White "Pogosian, Manvel"]
[Black "Nikitin, Yuri"]
[Result "0-1"]
[WhiteElo "2373"]
[BlackElo "2283"]
[PlyCount "70"]
[EventDate "2010.06.23"]
[EventType "tourn"]
[EventRounds "9"]
[EventCountry "RUS"]
[EventCategory "3"]
[SourceTitle "CBM 137 Extra"]
[Source "ChessBase"]
[SourceDate "2010.09.01"]
[SourceVersion "1"]
[SourceVersionDate "2010.09.01"]
[SourceQuality "1"]

1. d4 d5 2. c4 c6 3. Nc3 Nf6 4. Nf3 e6 5. e3 Nbd7 6. Bd3 dxc4 7. Bxc4 b5 8. Bd3 b4 9. Ne4 Be7 10. Nxf6+ Nxf6 11. 0-0 0-0 12. Qe2 c5 13. dxc5 Bxc5 14. e4 Bb7 15. e5 Nd7 16. Bxh7+ Kxh7 17. Ng5+ Kg6 18. Qd3+ f5 19. Nxe6 Qe7 20. Qg3+ Kf7 21. Ng5+ Ke8 22. Bf4 Nb6 23. Qh3 g6 24. Rac1 Rc8 25. Rc2 Nd5 26. Qg3 Bb6 27. Rxc8+ Bxc8 28. Rc1 Bb7 29. e6 Rf6 30. Re1 Qc5 31. Be5 f4 32. Qh4 Rf5 33. Nf7 Rh5 34. Nd6+ Qxd6 35. Qxh5 Bxf2+ 0-1

[Event "Lipetsk King's Gambit-B"]
[Site "Lipetsk"]
[Date "2010.06.26"]
[Round "4"]
[White "Nikitin, Yuri"]
[Black "Bezgodova, Maria"]
[Result "1/2-1/2"]
[WhiteElo "2283"]
[BlackElo "2193"]
[PlyCount "53"]
[EventDate "2010.06.23"]
[EventType "tourn"]
[EventRounds "9"]
[EventCountry "RUS"]
[EventCategory "3"]
[SourceTitle "CBM 137 Extra"]
[Source "ChessBase"]
[SourceDate "2010.09.01"]
[SourceVersion "1"]
[SourceVersionDate "2010.09.01"]
[SourceQuality "1"]

1. e4 e5 2. f4 d5 3. exd5 e4 4. d3 Nf6 5. Nc3 Bb4 6. Bd2 e3 7. Bxe3 0-0 8. Be2 Nxd5 9. Bd2 Bxc3 10. bxc3 Qf6 11. Bf3 Nxc3 12. Bxc3 Qxc3+ 13. Kf1 Nc6 14. Ne2 Qf6 15. Rb1 Nd4 16. Nxd4 Qxd4 17. Qd2 Re8 18. c3 Qd6 19. Kf2 Bf5 20. Rxb7 Bxd3 21. Re1 Rad8 22. Rxe8+ Rxe8 23. h3 g6 24. Kg1 a5 25. Kh1 h5 26. Ra7 Qc5 27. Ra8 1/2-1/2

[Event "Lipetsk King's Gambit-B"]
[Site "Lipetsk"]
[Date "2008.07.17"]
[Round "9"]
[White "Nikitin, Yuri"]
[Black "Barbashin, Igor"]
[Result "1/2-1/2"]
[WhiteElo "2264"]
[BlackElo "2265"]
[PlyCount "76"]
[EventDate "2008.07.09"]
[EventType "tourn"]
[EventRounds "11"]
[EventCountry "RUS"]
[EventCategory "2"]
[SourceTitle "CBM 125 Extra"]
[Source "ChessBase"]
[SourceDate "2008.09.01"]
[SourceVersion "1"]
[SourceVersionDate "2008.09.01"]
[SourceQuality "1"]

1. e4 d5 2. exd5 Nf6 3. Nc3 Nxd5 4. Bc4 c6 5. Qf3 Be6 6. Nge2 Nc7 7. b3 g6 8. 0-0 Bg7 9. Bb2 Bxc4 10. bxc4 0-0 11. d3 Ne6 12. Rab1 Nd7 13. Ne4 f5 14. Nd2 Ng5 15. Qg3 e5 16. f4 exf4 17. Nxf4 Bxb2 18. Rxb2 Nc5 19. Nb3 Nge6 20. Qe3 Qf6 21. Rbb1 b6 22. Rbe1 Nxf4 23. Qxf4 Nxb3 24. axb3 Rae8 25. d4 g5 26. Qd2 f4 27. d5 c5 28. Re2 Kg7 29. Rfe1 Rxe2 30. Qxe2 Rf7 31. h3 f3 32. gxf3 Qxf3 33. Qxf3 Rxf3 34. Re7+ Rf7 35. Re3 Rf4 36. Re7+ Rf7 37. Re3 Rf4 38. Re7+ Rf7 1/2-1/2

[Event "Lipetsk King's Gambit-B"]
[Site "Lipetsk"]
[Date "2008.07.09"]
[Round "1"]
[White "Bazarov, Konstantin"]
[Black "Nikitin, Yuri"]
[Result "1-0"]
[WhiteElo "2234"]
[BlackElo "2264"]
[PlyCount "75"]
[EventDate "2008.07.09"]
[EventType "tourn"]
[EventRounds "11"]
[EventCountry "RUS"]
[EventCategory "2"]
[SourceTitle "CBM 125 Extra"]
[Source "ChessBase"]
[SourceDate "2008.09.01"]
[SourceVersion "1"]
[SourceVersionDate "2008.09.01"]
[SourceQuality "1"]

1. d4 Nf6 2. c4 c5 3. d5 b5 4. cxb5 a6 5. b6 e6 6. Nc3 exd5 7. Nxd5 Nxd5 8. Qxd5 Nc6 9. Nf3 Bb7 10. Qb3 Be7 11. Bf4 Na5 12. Qc2 Qxb6 13. e3 0-0 14. Bd3 h6 15. 0-0 Bf6 16. Rab1 c4 17. Bh7+ Kh8 18. Bf5 d5 19. Be5 Rfe8 20. Bxf6 Qxf6 21. Nd4 Nc6 22. Rfd1 Re5 23. Nxc6 Bxc6 24. Bg4 h5 25. Be2 h4 26. Rd4 h3 27. g3 g5 28. Bg4 Qh6 29. Qc3 f6 30. Rbd1 Kg8 31. Bf3 Rae8 32. b3 Qg6 33. bxc4 Ba4 34. Rc1 Rc8 35. Rxd5 Qf5 36. e4 Rxc4 37. Qxc4 Qxf3 38. Rxe5+ 1-0

[Event "Pavlodar op"]
[Site "Pavlodar"]
[Date "2007.12.21"]
[Round "8"]
[White "Nikitin, Yuri"]
[Black "Aketayeva, Dana"]
[Result "1/2-1/2"]
[WhiteElo "2321"]
[BlackElo "2248"]
[PlyCount "23"]
[EventDate "2007.12.16"]
[EventType "swiss"]
[EventRounds "11"]
[EventCountry "KAZ"]
[SourceTitle "CBM 122 Extra"]
[Source "ChessBase"]
[SourceDate "2008.03.04"]
[SourceVersion "1"]
[SourceVersionDate "2008.03.04"]
[SourceQuality "1"]

1. d4 Nf6 2. c4 e6 3. Nc3 Bb4 4. e3 c5 5. Nf3 Nc6 6. Bd3 Bxc3+ 7. bxc3 d6 8. 0-0 e5 9. Ng5 0-0 10. Ne4 Nxe4 11. Bxe4 Qc7 12. Bxc6 1/2-1/2

[Event "Lipetsk King's Gambit-B"]
[Site "Lipetsk"]
[Date "2007.07.02"]
[Round "14"]
[White "Barbashin, Igor"]
[Black "Nikitin, Yuri"]
[Result "0-1"]
[WhiteElo "2300"]
[BlackElo "2241"]
[PlyCount "96"]
[EventDate "2007.06.22"]
[EventType "tourn"]
[EventRounds "14"]
[EventCountry "RUS"]
[EventCategory "3"]
[SourceTitle "CBM 119 Extra"]
[Source "ChessBase"]
[SourceDate "2007.09.04"]
[SourceVersion "1"]
[SourceVersionDate "2007.09.04"]
[SourceQuality "1"]

1. d4 Nf6 2. Bg5 Ne4 3. Bf4 c5 4. f3 Nf6 5. d5 Qb6 6. Be5 g6 7. e4 Bg7 8. c4 d6 9. Bc3 0-0 10. Bd3 e5 11. g4 Qd8 12. Qe2 Bd7 13. Nd2 Na6 14. Nf1 Rb8 15. Ng3 Nb4 16. Bb1 b5 17. a3 Na6 18. h4 h5 19. gxh5 Nxh5 20. Nxh5 gxh5 21. Qg2 Kh8 22. Nh3 Rg8 23. Ng5 Qe7 24. cxb5 Bxb5 25. f4 f6 26. Qf3 Be8 27. Bd3 Nc7 28. Ne6 Nxe6 29. dxe6 Qxe6 30. f5 Qb3 31. Rd1 Bh6 32. Be2 Bf4 33. Qd3 Rb6 34. Kf2 Rg3 35. Qc4 Qxc4 36. Bxc4 Bc6 37. Bd5 Rg4 38. Rh3 Bxd5 39. Rxd5 Bh6 40. Rhd3 Bf8 41. b4 cxb4 42. Bxb4 Rxe4 43. Rc3 Rf4+ 44. Kg3 Rxf5 45. Rc8 Kg7 46. Rc7+ Kg6 47. Rxa7 Rf4 48. Rd1 Rg4+ 0-1

[Event "Lipetsk King's Gambit-B"]
[Site "Lipetsk"]
[Date "2007.06.28"]
[Round "9"]
[White "Dmitrenko, Viktor"]
[Black "Nikitin, Yuri"]
[Result "1/2-1/2"]
[WhiteElo "2367"]
[BlackElo "2241"]
[PlyCount "152"]
[EventDate "2007.06.22"]
[EventType "tourn"]
[EventRounds "14"]
[EventCountry "RUS"]
[EventCategory "3"]
[SourceTitle "CBM 119 Extra"]
[Source "ChessBase"]
[SourceDate "2007.09.04"]
[SourceVersion "1"]
[SourceVersionDate "2007.09.04"]
[SourceQuality "1"]

1. e4 c5 2. Nc3 Nc6 3. f4 e6 4. Nf3 d5 5. Bb5 a6 6. Bxc6+ bxc6 7. d3 Qb6 8. Qe2 Be7 9. f5 d4 10. Nb1 exf5 11. e5 Be6 12. Nbd2 h5 13. 0-0 c4 14. Kh1 cxd3 15. cxd3 h4 16. Nc4 Qd8 17. h3 Rb8 18. b3 Nh6 19. Nd6+ Bxd6 20. exd6 Qxd6 21. Nxh4 Qd5 22. Bf4 Rb7 23. Rae1 Ng4 24. Nf3 Nf6 25. Be5 Nh5 26. Kg1 c5 27. Ng5 Re7 28. Bh2 f4 29. Nf3 Qb7 30. Qc2 Ng3 31. Bxg3 fxg3 32. Qxc5 0-0 33. Qh5 f6 34. Qg6 Qc7 35. Qe4 Rfe8 36. Qxd4 Bf7 37. Rxe7 Rxe7 38. Nh4 Re2 39. Qg4 Rxa2 40. Nf5 Bd5 41. Ne3 Bb7 42. Re1 Qe5 43. d4 Qd6 44. d5 Qe5 45. Qf3 Rd2 46. Qg4 Bxd5 47. Qb4 Qd4 48. Qxd4 Rxd4 49. Nf5 Rd2 50. Ne7+ Kf7 51. Nxd5 Rxd5 52. Ra1 Rd2 53. Kf1 Rf2+ 54. Kg1 Rb2 55. Kf1 Rxb3 56. Rxa6 Re3 57. Ra7+ Kg6 58. Rd7 f5 59. Ra7 Kf6 60. Rb7 g6 61. Rb6+ Kg5 62. Rb8 f4 63. Rb5+ Kf6 64. Ra5 Re5 65. Ra6+ Kf5 66. Ra1 Rb5 67. Re1 Rb2 68. Kg1 Kg5 69. Re5+ Kh4 70. Re1 Kg5 71. Re5+ Kf6 72. Re1 Ra2 73. Kf1 Kf5 74. Rb1 Rf2+ 75. Kg1 Rd2 76. Kf1 Rf2+ 1/2-1/2

[Event "Lipetsk King's Gambit-B"]
[Site "Lipetsk"]
[Date "2007.06.22"]
[Round "1"]
[White "Nikitin, Yuri"]
[Black "Barbashin, Igor"]
[Result "1/2-1/2"]
[WhiteElo "2241"]
[BlackElo "2300"]
[PlyCount "98"]
[EventDate "2007.06.22"]
[EventType "tourn"]
[EventRounds "14"]
[EventCountry "RUS"]
[EventCategory "3"]
[SourceTitle "CBM 119 Extra"]
[Source "ChessBase"]
[SourceDate "2007.09.04"]
[SourceVersion "1"]
[SourceVersionDate "2007.09.04"]
[SourceQuality "1"]

1. e4 c6 2. d4 d5 3. Nc3 dxe4 4. Nxe4 Bf5 5. Ng3 Bg6 6. Nf3 Nd7 7. h4 h6 8. h5 Bh7 9. Bd3 Bxd3 10. Qxd3 e6 11. Bf4 Qa5+ 12. Bd2 Qc7 13. 0-0-0 0-0-0 14. Kb1 Ngf6 15. c4 Bd6 16. Ne2 c5 17. Nc3 a6 18. Qe2 Rhe8 19. Na4 Qc6 20. Nc3 Nb8 21. Rhe1 Qc7 22. Na4 Nbd7 23. Ne5 Bxe5 24. dxe5 Ng8 25. f4 Ne7 26. Be3 b6 27. g4 Nb8 28. Nc3 Rxd1+ 29. Rxd1 Rd8 30. Ne4 Rxd1+ 31. Qxd1 Qd7 32. Qc2 Kc7 33. Nd6 Nc8 34. Ne4 Nc6 35. Nc3 N8e7 36. a3 g6 37. hxg6 fxg6 38. Ne4 Nd4 39. Qd3 Nf3 40. Qd6+ Kc8 41. Kc1 Qxd6 42. Nxd6+ Kd7 43. Ne4 Kc6 44. Nf6 b5 45. b3 bxc4 46. bxc4 Nc8 47. Kc2 Nb6 48. Kc3 Na4+ 49. Kb3 Nb6 1/2-1/2

[Event "Chigorin Memorial 13th"]
[Site "St Petersburg"]
[Date "2005.10.17"]
[Round "3"]
[White "Nikitin, Yuri"]
[Black "Golberg, Igor"]
[Result "1/2-1/2"]
[WhiteElo "2355"]
[BlackElo "2148"]
[PlyCount "119"]
[EventDate "2005.10.15"]
[EventType "swiss"]
[EventRounds "9"]
[EventCountry "RUS"]
[SourceTitle "CBM 108 Extra"]
[Source "ChessBase"]
[SourceDate "2005.11.04"]
[SourceVersion "1"]
[SourceVersionDate "2005.11.04"]
[SourceQuality "1"]

1. e4 c5 2. Nf3 Nc6 3. Bb5 g6 4. Bxc6 dxc6 5. h3 Bg7 6. d3 Nf6 7. Nc3 Nd7 8. Be3 e5 9. Qd2 h6 10. 0-0-0 Qe7 11. Nh2 Nf8 12. f4 exf4 13. Bxf4 Ne6 14. Bg3 h5 15. Kb1 Nd4 16. e5 Bf5 17. Bf4 Ne6 18. Be3 Bxe5 19. g4 hxg4 20. hxg4 Rxh2 21. Rxh2 Bxg4 22. Re1 Bxh2 23. Qxh2 0-0-0 24. Qe5 Qc7 25. Qf6 Qg3 26. Bf2 Qf3 27. Qh4 g5 28. Qh2 Bf5 29. a4 a5 30. Bg3 Nf4 31. Re5 Ng6 32. Re1 Rh8 33. Qg1 b6 34. Rf1 Qg4 35. Qf2 Be6 36. Ne4 f5 37. Nxc5 f4 38. Nxe6 Qxe6 39. Bh2 Qd5 40. Bg1 c5 41. d4 cxd4 42. Qxd4 Qxd4 43. Bxd4 Rf8 44. Bxb6 g4 45. Rg1 g3 46. Kc1 Ne5 47. Kd1 Nc4 48. Bd4 Rd8 49. c3 Nxb2+ 50. Ke2 Nxa4 51. Ra1 g2 52. Kf3 Nxc3 53. Bxc3 g1Q 54. Rxg1 Rd3+ 55. Kxf4 Rxc3 56. Ke4 Kb7 57. Kd4 Rc2 58. Kd3 Rc5 59. Rg4 Kc6 60. Rc4 1/2-1/2

[Event "Chigorin Memorial 13th"]
[Site "St Petersburg"]
[Date "2005.10.15"]
[Round "1"]
[White "Nikitin, Yuri"]
[Black "Gaprindashvili, Nona1111"]
[Result "1-0"]
[WhiteElo "2355"]
[BlackElo "2043"]
[PlyCount "107"]
[EventDate "2005.10.15"]
[EventType "swiss"]
[EventRounds "9"]
[EventCountry "RUS"]
[SourceTitle "CBM 108 Extra"]
[Source "ChessBase"]
[SourceDate "2005.11.04"]
[SourceVersion "1"]
[SourceVersionDate "2005.11.04"]
[SourceQuality "1"]

1. e4 c6 2. d4 d5 3. Nc3 dxe4 4. Nxe4 Bf5 5. Ng3 Bg6 6. Nf3 Nd7 7. h4 h6 8. h5 Bh7 9. Bd3 Bxd3 10. Qxd3 Ngf6 11. Bf4 Qa5+ 12. Bd2 Qc7 13. 0-0-0 e6 14. Ne4 Nxe4 15. Qxe4 Nf6 16. Qe2 0-0-0 17. Rh4 Bd6 18. Kb1 Rhe8 19. c4 e5 20. c5 Bf8 21. dxe5 Bxc5 22. Qc4 Nd7 23. Rf4 Re7 24. Rxf7 Nxe5 25. Nxe5 Qxe5 26. Re1 Qd5 27. Qxd5 Rxd5 28. Rexe7 Bxe7 29. Rxe7 Rxd2 30. Rxg7 Rxf2 31. g4 Rg2 32. g5 Rg1+ 33. Kc2 Rg2+ 34. Kc3 Rg3+ 35. Kd4 Rg4+ 36. Ke5 Rh4 37. Kd6 Rd4+ 38. Ke6 Re4+ 39. Kf5 Rh4 40. Kg6 hxg5 41. Kxg5 Rh2 42. h6 Rxb2 43. h7 Rh2 44. Rg8+ Kc7 45. h8Q Rxh8 46. Rxh8 b5 47. Kf5 c5 48. Rh6 c4 49. Ke4 Kb7 50. Kd4 a6 51. Kc5 Ka7 52. Rh7+ Kb8 53. Kb6 Kc8 54. Kxa6 1-0